000 00670nam a2200229Ia 4500
005 20170403161459.0
008 131103s9999 xx 000 0 und d
020 _a9789351380818
_cRs.375.00
040 _aLoreto College
041 _aEnglish
082 _a301.15
_bMAC
100 _aMaciver,R.M.
245 _aSociety
_b an introductory analysis
_cR.M.Maciver and Charles H.Page
260 _aBengaluru
_bTrinity
_c2015
300 _axvii,697 p.
_b illus.,charts.,tables
504 _aIncludes bibliographical references and index
650 _aSocial Interactions
650 _aSociology
700 _aPage,Charles H.
_4Auth
850 _aLCLIB
942 _cBK
999 _c41018
_d91497